[Event "World School-ch U15 Girls"]
[Site "Antalya"]
[Date "2019.04.22"]
[Round "5"]
[White "Trzaskowska, Hanna"]
[Black "Nesanir, Selin"]
[Result "1-0"]
[WhiteElo "1505"]
[BlackElo "1668"]
[PlyCount "97"]
[EventDate "2019.04.18"]
[EventType "swiss"]
[EventRounds "9"]
[EventCountry "TUR"]
[SourceTitle "CBM 190 Extra"]
[Source "ChessBase"]
[SourceDate "2019.07.15"]
[SourceVersion "1"]
[SourceVersionDate "2019.07.15"]
[SourceQuality "1"]

1. e4 c5 2. Nf3 g6 3. d4 cxd4 4. Nxd4 Bg7 5. c4 Nc6 6. Be3 Nf6 7. Nc3 d6 8. Be2 0-0 9. f3 a5 10. b3 Bd7 11. 0-0 Nxd4 12. Bxd4 Bc6 13. Qd2 Nd7 14. Be3 Nc5 15. Rab1 Qd7 16. a3 a4 17. b4 Nb3 18. Qd3 Bxc3 19. Qxc3 Rfc8 20. Qd3 Qe8 21. Rfe1 Rab8 22. Bd1 b5 23. Bxb3 axb3 24. Qxb3 bxc4 25. Qxc4 Ba4 26. Qd4 Rc2 27. Rbc1 Rbc8 28. Rxc2 Rxc2 29. Rc1 Qc6 30. Rxc2 Qxc2 31. Bh6 Qb1+ 32. Kf2 Qa2+ 33. Kg3 f6 34. Qa7 Be8 35. Qxe7 Qf7 36. Qxd6 g5 37. Qd5 Qxd5 38. exd5 Bf7 39. d6 Be6 40. h4 gxh4+ 41. Kxh4 Kf7 42. b5 Bd7 43. b6 Bc6 44. Kg4 Ke6 45. Bf8 Bb7 46. Kf4 h5 47. Kg3 Kd7 48. Be7 Kc6 49. a4 1-0

[Event "TUR-ch (Women)"]
[Site "Antalya"]
[Date "2019.03.06"]
[Round "6"]
[White "Anacoglu, Cisel"]
[Black "Nesanir, Selin"]
[Result "1-0"]
[WhiteElo "2013"]
[BlackElo "1524"]
[PlyCount "57"]
[EventDate "2019.03.03"]
[EventType "swiss"]
[EventRounds "9"]
[EventCountry "TUR"]
[SourceTitle "CBM 189 Extra"]
[Source "ChessBase"]
[SourceDate "2019.06.03"]
[SourceVersion "1"]
[SourceVersionDate "2019.06.03"]
[SourceQuality "1"]

1. e4 c5 2. Nf3 g6 3. d4 cxd4 4. Qxd4 Nf6 5. Nc3 Nc6 6. Qa4 d6 7. e5 dxe5 8. Nxe5 Qd4 9. Nxc6 Qxa4 10. Nxa4 bxc6 11. b3 e5 12. g3 Bb7 13. Bg2 Nd5 14. 0-0 0-0-0 15. Bb2 f6 16. Rad1 Ba6 17. c4 Nb4 18. Rxd8+ Kxd8 19. a3 Nc2 20. Bxc6 Nxa3 21. Be4 Bxc4 22. Rd1+ Ke8 23. Bc6+ Kf7 24. bxc4 Nc2 25. Rd7+ Be7 26. Bd5+ Ke8 27. Rxa7 Nb4 28. Ba3 Rf8 29. Rxe7+ 1-0

[Event "TUR-chT 2nd League"]
[Site "Konya"]
[Date "2018.07.20"]
[Round "7.2"]
[White "Nesanir, Selin"]
[Black "Anacoglu, Cisel"]
[Result "0-1"]
[WhiteElo "1514"]
[BlackElo "1790"]
[PlyCount "80"]
[EventDate "2018.07.16"]
[EventType "team-swiss"]
[EventRounds "9"]
[EventCountry "TUR"]
[SourceTitle "EXT 2019"]
[Source "ChessBase"]
[SourceDate "2018.10.10"]
[SourceVersion "1"]
[SourceVersionDate "2018.10.10"]
[SourceQuality "1"]
[WhiteTeam "Samandag Altin"]
[BlackTeam "Ankara DSI Genclik"]
[WhiteTeamCountry "TUR"]
[BlackTeamCountry "TUR"]

1. e4 e5 2. Nf3 Nc6 3. c3 d5 4. exd5 Qxd5 5. d3 Bg4 6. Be2 0-0-0 7. Qb3 Bf5 8. Qxd5 Rxd5 9. Ng5 Bg6 10. f4 Be7 11. Ne4 Nf6 12. Nf2 Bc5 13. fxe5 Bxf2+ 14. Kxf2 Nxe5 15. d4 Neg4+ 16. Bxg4+ Nxg4+ 17. Kg3 Nf6 18. h3 Re8 19. Nd2 Re2 20. Nf3 Nh5+ 21. Kh2 Be4 22. Rf1 Rf5 23. Kg1 Ng3 24. Rf2 Bxf3 25. gxf3 Re1+ 26. Kg2 Nh5 27. Rb1 Nf4+ 28. Bxf4 Rxb1 29. Be5 Rg5+ 30. Bg3 Ra5 31. b3 Ra1 32. Be5 f6 33. Bf4 R5xa2 34. h4 Rxf2+ 35. Kxf2 Ra3 36. Ke3 Rxb3 37. Kd3 a5 38. Kc2 a4 39. Bc1 Kd7 40. f4 Ke6 0-1

[Event "TUR-chT 2nd League"]
[Site "Konya"]
[Date "2018.07.19"]
[Round "5.4"]
[White "Kose, Ulya"]
[Black "Nesanir, Selin"]
[Result "1-0"]
[WhiteElo "1579"]
[BlackElo "1514"]
[PlyCount "43"]
[EventDate "2018.07.16"]
[EventType "team-swiss"]
[EventRounds "9"]
[EventCountry "TUR"]
[SourceTitle "EXT 2019"]
[Source "ChessBase"]
[SourceDate "2018.10.10"]
[SourceVersion "1"]
[SourceVersionDate "2018.10.10"]
[SourceQuality "1"]
[WhiteTeam "Koroglu Dernegi"]
[BlackTeam "Samandag Altin"]
[WhiteTeamCountry "TUR"]
[BlackTeamCountry "TUR"]

1. e4 c5 2. c3 d5 3. exd5 Qxd5 4. d4 g6 5. Be3 cxd4 6. cxd4 Bg7 7. Nf3 Nf6 8. Nbd2 Nc6 9. Bc4 Qd6 10. 0-0 0-0 11. Re1 Rd8 12. Nb3 b6 13. Ne5 e6 14. Qf3 Bb7 15. Qh3 Rac8 16. Nxf7 Kxf7 17. Bf4 Qe7 18. Rxe6 Qb4 19. Rxf6+ Ke8 20. Qe6+ Qe7 21. Qg8+ Bf8 22. Re6 1-0

[Event "TUR-chT 2nd League"]
[Site "Konya"]
[Date "2018.07.19"]
[Round "6.6"]
[White "Nesanir, Selin"]
[Black "Kaya, Ilgin"]
[Result "1/2-1/2"]
[WhiteElo "1514"]
[BlackElo "1397"]
[PlyCount "79"]
[EventDate "2018.07.16"]
[EventType "team-swiss"]
[EventRounds "9"]
[EventCountry "TUR"]
[SourceTitle "EXT 2019"]
[Source "ChessBase"]
[SourceDate "2018.10.10"]
[SourceVersion "1"]
[SourceVersionDate "2018.10.10"]
[SourceQuality "1"]
[WhiteTeam "Samandag Altin"]
[BlackTeam "Corum Belediye"]
[WhiteTeamCountry "TUR"]
[BlackTeamCountry "TUR"]

1. e4 c5 2. Nf3 d6 3. Bb5+ Bd7 4. Bxd7+ Nxd7 5. 0-0 e6 6. c3 Ngf6 7. Re1 Be7 8. d4 cxd4 9. cxd4 0-0 10. Nc3 Nb6 11. h3 h6 12. Bf4 d5 13. e5 Nfd7 14. Rc1 a6 15. Qb3 Rb8 16. Nd2 Bg5 17. Bxg5 Qxg5 18. Nf3 Qe7 19. Nd1 Rfc8 20. Ne3 Rc6 21. Rc2 Rbc8 22. Rec1 Rxc2 23. Rxc2 Rc6 24. Qd3 Nb8 25. b3 Rxc2 26. Nxc2 Nc6 27. Qd2 Qc7 28. Nfe1 Nd7 29. Nd3 Qb6 30. Qc3 Qa5 31. Qxa5 Nxa5 32. Kf1 Kf8 33. Ke2 Ke7 34. Kd2 Nc6 35. Ndb4 Ndb8 36. Kc3 Nxb4 37. Nxb4 a5 38. Nd3 Nc6 39. a3 b6 40. Nb2 1/2-1/2

[Event "TUR-chT 2nd League"]
[Site "Konya"]
[Date "2018.07.16"]
[Round "1.9"]
[White "Gocer, Defne"]
[Black "Nesanir, Selin"]
[Result "0-1"]
[WhiteElo "1189"]
[BlackElo "1514"]
[PlyCount "50"]
[EventDate "2018.07.16"]
[EventType "team-swiss"]
[EventRounds "9"]
[EventCountry "TUR"]
[SourceTitle "EXT 2019"]
[Source "ChessBase"]
[SourceDate "2018.10.10"]
[SourceVersion "1"]
[SourceVersionDate "2018.10.10"]
[SourceQuality "1"]
[WhiteTeam "Kahramanmaras Ustad"]
[BlackTeam "Samandag Altin"]
[WhiteTeamCountry "TUR"]
[BlackTeamCountry "TUR"]

1. e4 c5 2. Nf3 g6 3. d4 cxd4 4. Nxd4 Bg7 5. Nc3 Nc6 6. Nxc6 bxc6 7. Bd3 d6 8. 0-0 Nf6 9. Be3 0-0 10. f4 Ng4 11. Qe2 Nxe3 12. Qxe3 Qa5 13. Bc4 Qb4 14. Bb3 Bd4 15. Qxd4 Qxd4+ 16. Kh1 Ba6 17. Rfd1 Qe3 18. f5 Qg5 19. fxg6 hxg6 20. Rg1 Kg7 21. Rad1 Rh8 22. Rge1 Qg3 23. Kg1 Rxh2 24. Rd2 Qxe1+ 25. Kxh2 Rh8# 0-1

[Event "TUR-chT 1st League"]
[Site "Konya"]
[Date "2017.07.22"]
[Round "8.10"]
[White "Aydin, Gulenay"]
[Black "Nesanir, Selin"]
[Result "1/2-1/2"]
[WhiteElo "1591"]
[BlackElo "1506"]
[PlyCount "131"]
[EventDate "2017.07.17"]
[EventType "team-swiss"]
[EventRounds "9"]
[EventCountry "TUR"]
[SourceTitle "CBM 179 Extra"]
[Source "ChessBase"]
[SourceDate "2017.08.23"]
[SourceVersion "1"]
[SourceVersionDate "2017.08.23"]
[SourceQuality "1"]
[WhiteTeam "Boranlar Mersin Toyota"]
[BlackTeam "Hatay Samandag"]
[WhiteTeamCountry "TUR"]
[BlackTeamCountry "TUR"]

1. e4 c5 2. Nf3 g6 3. d4 cxd4 4. Qxd4 Nf6 5. e5 Nc6 6. Qa4 Nd5 7. Qe4 Ndb4 8. Bb5 a6 9. Ba4 b5 10. Bb3 d5 11. exd6 Bf5 12. Qe2 Na5 13. Nd4 Nxb3 14. axb3 Qxd6 15. Nxf5 gxf5 16. 0-0 Rc8 17. c3 Nd3 18. Rd1 Nxc1 19. Rxc1 Rg8 20. Nd2 Qg6 21. Qf3 Bh6 22. Rd1 Rg7 23. Qb7 Qc6 24. Qxc6+ Rxc6 25. g3 f4 26. Nf3 fxg3 27. hxg3 Rf6 28. Kg2 Bf4 29. Nd4 Bb8 30. b4 Rg5 31. Nb3 Rgf5 32. Rd2 Ba7 33. f4 Rg6 34. Rad1 Bb6 35. Kf3 Rh5 36. Kg2 Rf5 37. Kf3 Rh5 38. Kg2 Rf5 39. Nd4 Rxf4 40. Nc6 f6 41. Re2 e5 42. Rd3 Rc4 43. Nb8 a5 44. Nd7 Bd8 45. Red2 axb4 46. Nxe5 fxe5 47. Rxd8+ Ke7 48. R8d7+ Kf6 49. cxb4 Rxb4 50. Rxh7 Rb3 51. Rh3 Rg4 52. Rf2+ Kg5 53. Kh2 Rgb4 54. Rh8 Rxb2 55. Rhf8 Rxf2+ 56. Rxf2 Kg4 57. Re2 e4 58. Kg2 Rd4 59. Kf2 Kf5 60. Rb2 Rd5 61. Rb4 Ke5 62. Ke3 Rd3+ 63. Kf2 Rf3+ 64. Kg2 Kf5 65. Rxb5+ Kg4 66. Rb4 1/2-1/2

[Event "TUR-chT 1st League"]
[Site "Konya"]
[Date "2017.07.19"]
[Round "4.10"]
[White "Nesanir, Selin"]
[Black "Celik, Akarsu Bengi"]
[Result "1/2-1/2"]
[WhiteElo "1506"]
[BlackElo "1475"]
[PlyCount "97"]
[EventDate "2017.07.17"]
[EventType "team-swiss"]
[EventRounds "9"]
[EventCountry "TUR"]
[SourceTitle "CBM 179 Extra"]
[Source "ChessBase"]
[SourceDate "2017.08.23"]
[SourceVersion "1"]
[SourceVersionDate "2017.08.23"]
[SourceQuality "1"]
[WhiteTeam "Hatay Samandag"]
[BlackTeam "Karsiyaka Ihtisas"]
[WhiteTeamCountry "TUR"]
[BlackTeamCountry "TUR"]

1. e4 g6 2. d4 Bg7 3. g3 b6 4. Bg2 Bb7 5. c3 Nf6 6. Nd2 d6 7. Ne2 Nbd7 8. 0-0 0-0 9. Re1 e5 10. d5 Nc5 11. Qc2 Re8 12. b4 Ncd7 13. Rb1 c6 14. c4 cxd5 15. cxd5 b5 16. Nb3 Rc8 17. Qd3 a6 18. Na5 Ba8 19. Bg5 h6 20. Bd2 Nb6 21. Rec1 Re7 22. Rxc8 Qxc8 23. Rc1 Rc7 24. Rxc7 Qxc7 25. Qc3 Qxc3 26. Nxc3 Bf8 27. Be3 Nfd7 28. f4 f6 29. Bh3 Kf7 30. Bxd7 Nxd7 31. a4 bxa4 32. Nxa4 Ke8 33. Bb6 g5 34. f5 g4 35. Kf2 Be7 36. Bc7 Kf7 37. Ke3 h5 38. Nb6 Nxb6 39. Bxb6 Ke8 40. Kd3 Kd7 41. Kc4 Kc8 42. Nc6 Bf8 43. Na5 Be7 44. Nc6 Bf8 45. b5 axb5+ 46. Kxb5 Bb7 47. Nd8 Be7 48. Nc6 Bf8 49. Nd8 1/2-1/2